000 00584nam a22001937a 4500
003 DO-SdBNP
005 20221019142625.0
007 ta
008 221019b2001 dr a|||| |||| 00| 0 spa d
040 _aDO-SdBNP
_bspa
_cBNPHU
082 4 _222
110 1 _aConferencia del episcopado dominicano
_bComisión episcopal nacional de catequesis
_956359
245 1 0 _aSeguimos a Jesús. :
_bcatequesis de iniciación cristiana 2
260 _aSanto Domingo :
_bMSC,
_c2001.
300 _a79 p. :
_bil. ;
_c28 cm.
590 _aInventariado, 2022/BT
910 _aBtavárez
942 _2ddc
_cLBS1
999 _c52584
_d52584